000
00220 a2200097 4500
001
42914
100
_a
Mahmood S
245
_a
Founders of Pakistan
260
_a
Lahore
_b
Publishers united ltd
_c
090
_c
26799
_d
26799
942
_a
NUST-CAE
_c
M
_c
18667
999
_c
277987
_d
277987